000
00388nam a2200133Ia 4500
008
151001s9999||||xx |||||||||||||| ||und||
100
_a
नयनतारा देसाई
245
_a
स्मृतीगंध जगन्मातेचा
250
_a
1
260
_b
विभासा पुस्तक महाल
260
_c
2013
300
_a
296
365
_b
21
999
_c
1001206
_d
1001203